El olmo y el experto: el reino de la mente y su semántica

Bewaard in:
Bibliografische gegevens
Hoofdauteur: Fodor, Jerry A (Auteur)
Formaat: Boek
Taal:Spaans
Gepubliceerd in: Barcelona Paidós 1997
Reeks:Biblioteca de Cognición y Desarrollo Humano, 31
Onderwerpen:
Tags: Voeg label toe
Geen labels, Wees de eerste die dit record labelt!

MARC

LEADER 00000nam a2200000 a 4500
001 UCO6079
003 CL-VaPUC
008 001006e19970000SP |||||||||||||||||spa|d
082 0 4 |a 128.2  |b FOD  |2 21 
100 0 |a Fodor, Jerry A  |e author  |9 450917 
245 1 3 |a El olmo y el experto: el reino de la mente y su semántica 
300 |a 138 p 
942 |c BK 
945 |d 20001006 00:00:00  |a vberengu 
260 |a Barcelona  |b Paidós  |c 1997 
650 0 |a Cognición   |9 270347 
650 0 |a Antropología filosófica  |9 265842 
650 0 |a Mente  |9 330838 
650 0 |a Teoría del conocimiento   |9 255038 
583 |a last modification  |c 20120930 10:00:38  |k Rodrigo Vera 
490 0 |a Biblioteca de Cognición y Desarrollo Humano, 31 
999 |c 291868  |d 291866 
952 |0 0  |1 0  |4 0  |6 128_200000000000000_FOD_1997  |7 0  |8 A  |9 342141  |a BIBEDU  |b BIBEDU  |d 2019-11-20  |i 3646580  |o 128.2 FOD 1997  |p 3646580  |r 2019-11-20  |w 2019-11-20  |y BK  |k BME 
952 |0 0  |1 0  |4 0  |6 128_200000000000000_FOD_1997  |7 0  |8 A  |9 342142  |a FDOPOS  |b FDOPOS  |d 2019-11-20  |i 3353591  |o 128.2 FOD 1997  |p 3353591  |r 2025-01-22  |w 2019-11-20  |y BK  |k MLA